| 000 | 00794nam a2200253Ia 4500 | ||
|---|---|---|---|
| 003 | GCL | ||
| 005 | 20240530103923.0 | ||
| 008 | 140319s9999 xx 000 0 ara d | ||
| 040 |
_aGCL / _cGCL |
||
| 082 | 0 | 4 |
_a372.3 _bج ت |
| 100 | 1 | _aجلين ابلاف | |
| 245 | 1 | 0 |
_aتدريس مبادى العلوم / _cجلين ابلاف |
| 260 |
_a[S.N] : _bدار نهضة مصر للطبع والنشر ، _c1980 |
||
| 300 | _a671 ص | ||
| 650 | 0 | 4 | _aطرق التدريس |
| 650 | 0 | 4 | _aالتربية |
| 650 | 0 | 4 | _aالعلوم الاجتماعية |
| 650 | 0 | 4 | _aالمدرسون |
| 700 | 1 | _aجوليوس شوراتر | |
| 700 | 1 | _aالبرت ج هيوجيت | |
| 700 | 1 | _aالدمرداش عبدالمجيد سرحان | |
| 700 | 1 | _aمحمد صابر سليم | |
| 942 |
_2ddc _cBK |
||
| 999 |
_c43460 _d43460 |
||